Investment Analysis and Portfolio Management / Fourth Edition (Record no. 1219)
[ view plain ]
| 000 -LEADER | |
|---|---|
| fixed length control field | 01508cam a22002054a 4500 |
| 005 - ΗΜΕΡΟΜΗΝΙΑ ΚΑΙ ΩΡΑ ΤΕΛΕΥΤΑΙΑΣ ΕΝΗΜΕΡΩΣΗΣ | |
| Πεδίο ελέγχου | 20250605164001.0 |
| 008 - FIXED-LENGTH DATA ELEMENTS--GENERAL INFORMATION | |
| Πεδίο ελέγχου σταθερού μήκους | 250528s ||||||||||||||||||||||||d |
| 035 ## - SYSTEM CONTROL NUMBER | |
| System control number | 15656 |
| 020 ## - ISBN | |
| ISBN | 30970520 |
| 040 ## - ΠΗΓΗ ΚΑΤΑΛΟΓΟΓΡΑΦΗΣΗΣ | |
| Φορέας πρωτότυπης καταλογογράφησης | MC Athens Campus Library |
| Γλώσσα καταλογογράφησης | Ελληνικά, Μοντέρνα (1453-) |
| Modifying agency | MC Athens Campus Library |
| Κανόνες περιγραφικής καταλογογράφησης | AACR2 |
| 245 1# - ΤΙΤΛΟΣ ΚΑΙ ΔΗΛΩΣΗ ΥΠΕΥΘΥΝΟΤΗΤΑΣ | |
| Τίτλος | Investment Analysis and Portfolio Management / Fourth Edition |
| 250 ## - EDITION STATEMENT | |
| Edition statement | 4th |
| 260 ## - PUBLICATION, DISTRIBUTION, ETC. | |
| Name of publisher, distributor, etc. | The Dryden Press, |
| Date of publication, distribution, etc. | 1994 |
| 300 ## - PHYSICAL DESCRIPTION | |
| Extent | 1016 |
| 520 ## - SUMMARY, ETC. | |
| Summary, etc. | This book provides in depth coverage of the fundamental investments and portfolio management issues. The Investment Background, The Investment Setting, Selecting Investments in a Global Market, Organization and Functioning of Securities Markets, Security-Market Indicator Series, Sources of Information on Global Investments, Developments in Investment, Efficient Capital Markets, An Introduction to Portfolio Management, An Introduction to Asset Pricing Models, An Introduction to Derivative Markets and Securities, Valuation Principles and Practices, Analysis of Financial Statements, Introduction to Security Valuation, Analysis and Management of Bonds, Bond Fundamentals, The Valuation of Bonds, Analysis of Common Stocks, Stock-Market Analysis, Industry Analysis, Technical Analysis, Analysis of Alternative Investments, Stock Options, Futures, Investment Companies, Extensions and Application of Asset Pricing and Portfolio Models, Evaluation of Portfolio Performance, Summary, Appendix, Index. |
| 700 1# - ΠΡΟΣΘΕΤΗ ΑΝΑΓΡΑΦΗ--ΦΥΣΙΚΟ ΠΡΟΣΩΠΟ | |
| Personal name | Reilly Frank K |
| 9 (RLIN) | 1616 |
| 942 ## - ADDED ENTRY ELEMENTS (KOHA) | |
| Koha item type | Books |
| Τύπος τεκμηρίου | Βιβλιοθήκη | Τρέχουσα τοποθεσία | Barcode | Αριθμός εισαγωγής | Ημερομηνία απόκτησης | Ταξιθετικό σύμβολο | Αριθμός αντιτύπου | Κατάσταση απόσυρσης | Κατάσταση χαμένου | Κατάσταση κατεστραμμένου | Μη δανεισμός | Σύνολο δανεισμών | Ημερομηνία τελευταίας εμφάνισης | Η τιμή ισχύει από |
|---|---|---|---|---|---|---|---|---|---|---|---|---|---|---|
| Books | MC Athens Campus Library | MC Athens Campus Library | 9780000012180 | 2008 | 05/06/2025 | 332.6 REI | 1 | 05/06/2025 | 05/06/2025 |